|
|
|
|
| LEADER |
00000nam0a2200000 4500 |
| 001 |
111619 |
| 005 |
20231031120929.0 |
| 010 |
|
|
|a 5286000606
|
| 020 |
|
|
|a RU
|b 88-69901
|
| 035 |
|
|
|a (RuTPU)RU\TPU\book\120551
|
| 090 |
|
|
|a 111619
|
| 100 |
|
|
|a 20070317d1988 m a0rusy5003 ca
|
| 101 |
0 |
|
|a rus
|
| 102 |
|
|
|a RU
|
| 105 |
|
|
|a a z 001zy
|
| 200 |
1 |
|
|a Фоновый мониторинг полициклических ароматических углеводородов
|f Ф. Я. Ровинский, Т. А. Теплицкая, Т. А. Алексеева
|
| 210 |
|
|
|a Ленинград
|c Гидрометеоиздат
|d 1988
|
| 215 |
|
|
|a 223,[1] с.
|c граф.
|d 22 см
|
| 320 |
|
|
|a Библиогр.: с. 207-222 (309 назв.)
|
| 610 |
1 |
|
|a углеводороды ароматические
|
| 610 |
1 |
|
|a окружающая среда
|
| 610 |
1 |
|
|a токсичность
|
| 610 |
1 |
|
|a загрязнение
|
| 610 |
1 |
|
|a контроль
|
| 675 |
|
|
|a 504.064
|z rus
|
| 700 |
|
1 |
|a Ровинский
|b Ф. Я.
|g Феликс Яковлевич
|4 070
|
| 701 |
|
1 |
|a Теплицкая
|b Т. А.
|g Тамара Ароновна
|
| 701 |
|
1 |
|a Алексеева
|b Т. А.
|g Татьяна Анатольевна
|
| 801 |
|
0 |
|a RU
|b RuMRKP
|c 19950417
|g psbo
|
| 801 |
|
1 |
|a RU
|b 63413507
|c 20070317
|g PSBO
|
| 801 |
|
2 |
|a RU
|b 63413507
|c 20080917
|g PSBO
|
| 942 |
|
|
|c BK
|